000 00312nam a2200109Ia 4500
005 20251222141800.0
008 251222s9999||||xx |||||||||||||| ||spa||
082 _a362.585/C76
245 0 _a8 Ensayos de la Juventud Universitaria del Perú:
264 _bFondo Editorial del Congreso de la República
942 _cLIB
999 _c6117
_d6117